000 00286nam a22001337a 4500
008 170728b xxu||||| |||| 00| 0 eng d
020 _a2900619268083
041 _aeng
080 _22ND
_a004
100 _a31
101 _aSHK
245 _aOFFICE 2003
_cSCHAFFER,A
942 _2udc
_cBK
999 _c22105
_d22105